Представление документа в формате RUSMARC

ПолеНазваниеЗначение
  Тип записи a
  Библиографический уровень m
001 Контрольный номер RU/CBS_UL/BASE/be396f66c44f418d81a7fe654baa5d26
005 Дата корректировки 20260205104007.3
010 Индекс ISBN __
a ISBN
d Цена 1 р. 30 к.
9 Тираж 75 000 экз.
b Уточнения в пер.
090 Данные записи __
b Тип записи Книги
c Язык записи Русский
d Отрасль знаний (КСУ) Другая
e Секретность Несекретно
g Вид записи Монография (однотомник)
100 Данные общей обработки __
a Данные общей обработки 20090702d2013 u u 1rusy ||||ca
101 Язык документа 0_
a Язык текста rus
105 Кодированные данные (монография) __
a Кодированные данные (монография) a z 000yy
200 Заглавие и сведения об ответственности 1_
a Заглавие Международное рабочее движение
e Сведения, относящиеся к заглавию справочник
g Последующие сведения об ответственности Институт международного рабочего движения АН СССР
g Последующие сведения об ответственности подгот. В. В. Загладин
210 Выходные данные 1_
a Место издания Москва
c Издательство Политиздат
d Дата издания 1987
215 Физическое описание __
a Объем 428, [2] с.
d Формат 21 см.
300 Общие примечания __
a Общие примечания 16+
300 Общие примечания __
a Общие примечания Под инв. номером 24571: Ц-2
606 Тематические рубрики 0_
a Основная рубрика Коммунистические и рабочие партии
610 Ключевые слова 0_
a Ключевые слова партии коммунистические; движения рабочие; справочники
686 Индексы других классификаций __
a Классификационный индекс 66.61(0)
2 Код системы rubbk
801 Источник записи _0
a Страна RU
b Организация МБУК ЦБС г. Ульяновска
c Дата составления 20090702
801 Источник записи _1
a Страна RU
b Организация МБУК ЦБС г. Ульяновска
c Дата составления 20090702
852 Данные о местонахождении __
i Авторский знак М 43
j Шифр хранения 66.61